| 000 | 01145cam a22003257a 4500 | ||
|---|---|---|---|
| 003 | CHAP | ||
| 005 | 20220329134549.0 | ||
| 008 | 971013s1981 r 00010 d | ||
| 010 | _a22273 | ||
| 011 | _a23245 | ||
| 035 | _a27341 | ||
| 040 | _cCHAP | ||
| 082 |
_a631.5 _bA8 |
||
| 100 | 0 | 0 |
_aAtayi, E.A. _98213 |
| 245 | 0 |
_aSurvey of food crop farming systems in the Zapi-Est, East Cameroon. ICTA _c/ ONAREST, 1980 |
|
| 260 |
_a(Ibadan : _bInternational Institute of Tropical Agriculture), _c(1981) |
||
| 300 | _a94 p | ||
| 590 |
_aBATCH-UPD _b10 _c20130110 _lUCH01 _h0128 |
||
| 590 |
_aBATCH-UPD _b10 _c20130110 _lUCH01 _h1937 |
||
| 590 |
_aBATCH-UPD _b10 _c20130410 _lUCH01 _h1301 |
||
| 590 |
_aBATCH-UPD _b10 _c20130914 _lUCH01 _h0612 |
||
| 590 |
_aCONVERSION _b10 _c20130109 _lUCH01 _h1313 |
||
| 650 | 1 | 4 |
_aCamerĂșn _xAgricultura. _917848 |
| 650 | 1 | 4 |
_aSistemas de cultivo. _9106746 |
| 710 | 0 |
_aInstituto Internacional de Agricultura Tropical. _959226 |
|
| 901 | _aBK | ||
| 942 | _cLIBRO | ||
| 949 |
_a631.5 A8 _bBC _cLIBRO _d33724000080719 _eLIBRO _fc.2 _h57903 _i27341 _mD _si |
||
| 949 |
_a631.5 A8 _bBC _cLIBRO _d33724000080727 _eLIBRO _h5702 _i27341 _mD _si |
||
| 999 |
_c22273 _d22273 |
||